| 000 | 01317cam a22003257a 4500 | ||
|---|---|---|---|
| 999 |
_c18147 _d18147 |
||
| 001 | 14675294 | ||
| 005 | 20161202160916.0 | ||
| 008 | 061219s2006 enkaf b 001 0 eng | ||
| 010 | _a 2006299908 | ||
| 015 |
_aGBA639199 _2bnb |
||
| 016 | 7 |
_a013443145 _2Uk |
|
| 020 | _a1843832089 (hbk.) | ||
| 035 | _a(OCoLC)ocm65767598 | ||
| 035 | _a(OCoLC)65767598 | ||
| 040 |
_aUKM _cUKM _dBAKER _dBWKUK _dIXA _dYDXCP _dDLC |
||
| 042 | _alccopycat | ||
| 050 | 0 | 0 |
_aN7860 _b.P37 2006 |
| 100 | 1 | _aParry, Graham. | |
| 245 | 1 | 4 |
_aThe arts of the Anglican Counter-Reformation : _bglory, laud and honour / _cGraham Parry. |
| 260 |
_aWoodbridge, UK ; _aRochester, NY : _bBoydell Press, _c2006. |
||
| 300 |
_axi, 207 p., [28] p. of plates : _bill. ; _c24 cm. |
||
| 504 | _aIncludes bibliographical references (p. 193-199) and index. | ||
| 650 | 0 |
_aChristian art and symbolism _zEngland _yModern period, 1500- |
|
| 650 | 0 |
_aCounter-Reformation _zEngland. |
|
| 942 |
_2lcc _cBOOKS _hN7860 .P37 2006 |
||